000 00634nam a2200181Ia 4500
008 090124s9999 xx 000 0 und d
082 _b18651
_a542
100 _aबोरकर लक्ष्मीदास
245 _a निंबोणीच्या झाडाखाली
250 _a1
260 _c1972
300 _a112
600 _aबोरकर लक्ष्मीदास
630 _a निंबोणीच्या झाडाखाली
700 _aबोरकर लक्ष्मीदास
730 _a निंबोणीच्या झाडाखाली
942 _cBOOK
999 _c132592
_d132592